| 000 | 00553nam a2200217Ia 4500 | ||
|---|---|---|---|
| 003 | 0100 | ||
| 008 | 130227s9999 xx 000 0 und d | ||
| 020 | _a0631221298 | ||
| 040 | _cARRUPELIB | ||
| 050 | _aBR100.B49 2004 | ||
| 245 | 4 | _aThe Blackwell guide to the philosophy of religion | |
| 260 | _aOxford | ||
| 260 | _bBlackwell Publishing | ||
| 260 | _C2004 | ||
| 300 | _axvi | ||
| 300 | _b 335p 24cm | ||
| 440 | _aBlackwell philosophy guides | ||
| 650 | _bShona language - Readers | ||
| 700 | _aMann, William Edward (ed) | ||
| 942 |
_2lcc _07 |
||
| 999 |
_c6255 _d6255 |
||